000
00202 a2200097 4500
001
20350
100
_a
Seely S
245
_a
Electronic circuits
260
_a
_b
Holt Rinehart
_c
090
_c
14841
_d
14841
942
_a
NUST-CAE
_c
M
_c
5382
999
_c
255423
_d
255423